00875nam a22002417a 4500003000500000005001700005008004100022010001000063011001000073035001000083040000900093082001700102100002900119245011400148260005700262300001000319500011700329500004600446650004700492650002800539650003400567710003200601CHAP20220817043408.0971013s1991 r 00010 d a74312 a75284 a84844 cCHAP a631.7063bS500aLane Rodríguez, Marci. aEstudio preliminar sobre la reconstrucción del sistema de riego en la región de Texcoco en 1920-30 y 1990 aZinacantepec, Méx. :bEl Colegio Mexiquense,c1991 a10 h. aArtículo aparecido en : Simposio sobre Sistemas Hidráulicos, Modernización de la Agricultura y Migración aEncuadernado con otros impresos similares14aIngeniería hidráulicaxMéxico (Edo.)14aIrrigaciónxHistoria.14aIrrigaciónxMéxico (Edo.)0 aUniversidad Iberoamericana.